| 000 | 01040cam a2200229 4500 | ||
|---|---|---|---|
| 001 | ABS64911 | ||
| 008 | 011219n2001 000 0 eng u | ||
| 035 | _a(Sirsi) u116069 | ||
| 100 | _aThompson, E | ||
| 245 | _aDemand and supply? | ||
| 260 | _c2001 | ||
| 490 |
_aEstates Gazette _v(0148) 1 December 2001, 124(1) |
||
| 520 | _aThe last article in a three part series examines e-conveyancing in the context of government plans to get all data into a central electronic hub by 2003. 120 out of 400 local authorities have so far signed up with the scheme. It has been surprising that the take up of digital signatures has been so low. Generally emphasises that serious concerns need to be addressed before the technology is widely used. | ||
| 590 | _aABS | ||
| 650 | _aHM LAND REGISTRY | ||
| 650 | _aPROPERTY TRANSACTIONS | ||
| 650 | _aNATIONAL LAND INFORMATION SERVICE | ||
| 650 | _aDIGITAL SIGNATURES | ||
| 650 |
_aFACILITIES MANAGEMENT _96240 |
||
| 690 | _aMANAGEMENT-BUSINESS MANAGEMENT-INFORMATION MANAGEMENT | ||
| 942 | _n0 | ||
| 999 |
_c69142 _d69142 |
||